000
00243nam a2200097Ia 4500
005
20251222114356.0
008
251222s1900||||xx |||||||||||||| ||spa||
082
_a
DVD0040/S75D/2003
245
0
_a
Indiana Jones: Extras de la trilogĂa
942
_c
DVD
999
_c
1450
_d
1450